| 000 | 00000nas 2200000za 4500 |
| 001 | 9.500604 |
| 003 | CaOODSP |
| 005 | 20200325103553 |
| 007 | cr ||||||||||| |
| 008 | 150406d19971997xxc|| m o||||f| |0fre|d |
| 040 | |aCaOODSP|bfre |
| 041 | |aeng |
| 041 | |afre |
| 043 | |an-cn--- |
| 086 | 1 |aH12-30-PDF |
| 110 | 1 |aCanada.|bSanté Canada. |bDirection générale de la protection de la santé. |
| 245 | 10|aAlerte : matériels médicaux / |h[ressource électronique]|cPublié par la Direction des médicaments et des matériels médicaux. |
| 260 | |aOttawa - Ontario : |bSanté Canada. |
| 310 | |aIrrégulier |
| 500 | |a«A: Tous les médecins et chirurgiens canadiens.»--Page 1. |
| 691 | 07|aTechnologie médicale|2gcpds |
| 776 | 0#|tAlert: medical devices / |w(CaOODSP)9.509384 |
| 791 | |tAlert - medical devices / |eeng|w(CaOODSP)9.500603 |